Score 0/28 Timer 03:00
0 Plays Today
Hint 4-Letter Word % Correct
What cafeteria chicken fingers are carried onTRAY
93.7%
Three in every yardFEET
91.4%
Provide a mealFEED
90.7%
Proof of home ownershipDEED
90.6%
Technically, this describes vampires and zombiesDEAD
89.9%
Kidney, navy, or limaBEAN
89.9%
A city that should be skeptical of gift horsesTROY
87.6%
Frank, Sammy, Joey and Peter's palDEAN
84.8%
Eminem ____ Rihanna, Love The Way You LieFEAT
83.7%
It takes 4 years of college to become one of theseGRAD
82.6%
The male half of BrangelinaBRAD
80.7%
Muffin varietyBRAN
79.6%
Nana, Bubbe, or Mee-MawGRAN
79.1%
French cheeseBRIE
77.2%
Hint 4-Letter Word % Correct
Fracas, tussle, dust-upFRAY
76.6%
Appropriate anagram for that Simpson boy?BRAT
76.1%
A smile with overachieving tendenciesGRIN
75.3%
Tic-Tac-Toe game boardGRID
72.2%
UK demonym (short form)BRIT
71.9%
Conglomeration of Greek lettersFRAT
69.9%
Fun winter vehicleSLED
67.7%
American CanalERIE
63%
Ireland's pseudonymERIN
57.6%
'What's ____ in the bone will out in the flesh'BRED
57.4%
Made a certain donation to the Red CrossBLED
55.5%
Made hasteSPED
45.9%
ImitatedAPED
38.1%
Where English gentlemen were on St. Crispin's DayABED
22.7%

Today's Daily Dose

Missing Word
I Hardly Know Her!

Word Ladder
Sentence Ending

Quick Pick
Female Firsts

Get the Picture
Triathlon Sports

Remove Ads.
Support Sporcle.
Get the best of Sporcle when you Go Orange. This ad-free experience offers more features, more stats, and more fun while also helping to support Sporcle. Thank you for becoming a member.

You're not logged in!

Compare scores with friends on all Sporcle quizzes.
OR
Log In

Show Comments

Extras

Top Quizzes Today


Score Distribution

Your Account Isn't Verified!

In order to create a playlist on Sporcle, you need to verify the email address you used during registration. Go to your Sporcle Settings to finish the process.

Report this User

Report this user for behavior that violates our Community Guidelines.

Details: